[Event "IECC CL7-2008.04 email"]
[Site "IECC email"]
[Date "2008.04.15"]
[Round "?"]
[White "Simmons, Ernest"]
[Black "Efejiro, Ashano"]
[Result "0-1"]
[WhiteElo "1122"]
[BlackElo "1089"]
[PlyCount "68"]
[EventDate "2008.??.??"]
[EventType "tourn (corr)"]
[EventRounds "4"]
[SourceTitle "Corr 2013"]
[Source "ChessBase"]
[SourceDate "2012.11.12"]
[SourceVersion "1"]
[SourceVersionDate "2012.11.12"]
[SourceQuality "1"]
[WhiteTeam "Nicaragua"]
[BlackTeam "US of America"]
[WhiteTeamCountry "NCA"]
[BlackTeamCountry "USA"]

1. d4 Nf6 2. c4 d5 3. Nc3 g6 4. e3 Bg7 5. Nf3 0-0 6. Be2 Nbd7 7. 0-0 c6 8. h3 Re8 9. Re1 e5 10. dxe5 Nxe5 11. cxd5 cxd5 12. b3 a6 13. Bb2 b5 14. Nxd5 Qxd5 15. Nxe5 Qxd1 16. Rexd1 Ne4 17. f4 Bb7 18. Rd3 Rac8 19. Bf3 Rc2 20. Bd4 Rec8 21. Bxe4 Bxe4 22. Rdd1 Rxg2+ 23. Kf1 Rcc2 24. Rdc1 Rcf2+ 25. Ke1 h5 26. Rc8+ Kh7 27. Re8 Bc2 28. Rc1 Rh2 29. Nxf7 Bxd4 30. Ng5+ Kg7 31. Re7+ Kf8 32. Rf7+ Ke8 33. exd4 Rfg2 34. Kf1 Bd3+ 0-1

[Event "IECC O-2320"]
[Site "IECC email"]
[Date "2005.12.14"]
[Round "?"]
[White "Johansson, Kurt Verner"]
[Black "Efejiro, Ashano"]
[Result "1-0"]
[WhiteElo "1062"]
[BlackElo "1083"]
[PlyCount "37"]
[EventDate "2005.??.??"]
[EventType "swiss (corr)"]
[EventRounds "2"]
[SourceTitle "Corr 2020"]
[Source "ChessBase"]
[SourceDate "2019.09.30"]
[SourceVersion "1"]
[SourceVersionDate "2019.09.30"]
[SourceQuality "1"]
[WhiteTeam "Sweden"]
[BlackTeam "Nigeria"]
[WhiteTeamCountry "SWE"]
[BlackTeamCountry "NGR"]

1. e4 c5 2. Nf3 Nc6 3. Bc4 d6 4. Nc3 Nf6 5. d4 cxd4 6. Nxd4 e5 7. Nf3 Be7 8. 0-0 0-0 9. Be3 a6 10. a4 Be6 11. Bxe6 fxe6 12. Ng5 Qd7 13. f4 exf4 14. Bxf4 e5 15. Bg3 h6 16. Nf3 Rac8 17. h3 Nh5 18. Bh2 Nf4 19. Bxf4 1-0

[Event "IECC O-2245"]
[Site "IECC email"]
[Date "2005.08.02"]
[Round "?"]
[White "Efejiro, Ashano"]
[Black "Stearns, Ron"]
[Result "1/2-1/2"]
[WhiteElo "1080"]
[BlackElo "1150"]
[PlyCount "73"]
[EventDate "2005.??.??"]
[EventType "swiss (corr)"]
[EventRounds "2"]
[SourceTitle "Corr 2008"]
[Source "ChessBase"]
[SourceDate "2008.06.24"]
[SourceVersion "1"]
[SourceVersionDate "2008.06.24"]
[SourceQuality "1"]

1. e4 d6 2. d4 Nf6 3. Nc3 g6 4. Be3 Bg7 5. Qd2 0-0 6. 0-0-0 c6 7. Bh6 b5 8. Bd3 Qa5 9. Bxg7 Kxg7 10. Nge2 Be6 11. d5 cxd5 12. exd5 Nxd5 13. Be4 Nxc3 14. Nxc3 Na6 15. Bxa8 Rxa8 16. Nd5 Qxa2 17. Qd4+ f6 18. Nxe7 Qa1+ 19. Kd2 Qa5+ 20. c3 Qc7 21. Nd5 Qf7 22. Kc1 Nc5 23. Qxf6+ Qxf6 24. Nxf6 Kxf6 25. Rxd6 Kf7 26. b4 Ne4 27. Rc6 Bc4 28. Kc2 a5 29. Re1 axb4 30. Rxc4 bxc4 31. Rxe4 b3+ 32. Kb1 Rc8 33. h4 Kg7 34. g4 Rc7 35. Kb2 h6 36. f3 h5 37. g5 1/2-1/2

[Event "IECC O email"]
[Site "IECC email"]
[Date "2002.10.16"]
[Round "?"]
[White "Gode, Peter Nagy"]
[Black "Efejiro, Ashano"]
[Result "1-0"]
[WhiteElo "1064"]
[BlackElo "1029"]
[PlyCount "33"]
[EventDate "2002.??.??"]
[EventType "tourn (corr)"]
[EventRounds "6"]
[SourceTitle "Corr 2008"]
[Source "ChessBase"]
[SourceDate "2008.06.24"]
[SourceVersion "1"]
[SourceVersionDate "2008.06.24"]
[SourceQuality "1"]

1. e4 c5 2. Nf3 e6 3. d4 cxd4 4. Nxd4 Nf6 5. Nc3 Bb4 6. e5 Bxc3+ 7. bxc3 Nd5 8. Ba3 Nc6 9. Nb5 Ncb4 10. Bxb4 Nxb4 11. Nd6+ Ke7 12. cxb4 Qc7 13. Bc4 b5 14. Qh5 Rf8 15. Qg5+ f6 16. Qxg7+ Rf7 17. Qxf7+ 1-0

[Event "IECC CL8-2002.04"]
[Site "IECC email"]
[Date "2002.03.05"]
[Round "?"]
[White "Efejiro, Ashano"]
[Black "Mitchell, TT."]
[Result "0-1"]
[WhiteElo "1000"]
[BlackElo "827"]
[PlyCount "42"]
[EventDate "2002.??.??"]
[EventType "tourn (corr)"]
[EventRounds "4"]
[SourceTitle "Corr 2008"]
[Source "ChessBase"]
[SourceDate "2008.06.24"]
[SourceVersion "1"]
[SourceVersionDate "2008.06.24"]
[SourceQuality "1"]

1. e4 e6 2. Nf3 Nc6 3. d4 d5 4. e5 Bb4+ 5. c3 Be7 6. b4 b5 7. Bxb5 Bd7 8. Bb2 Nxb4 9. Bxd7+ Qxd7 10. cxb4 Bxb4+ 11. Nbd2 Ne7 12. 0-0 0-0 13. Qb3 Rab8 14. Qd3 Rb6 15. Ng5 g6 16. Qh3 h5 17. Nb3 Qb5 18. Rac1 Qe2 19. Rxc7 Qxb2 20. g4 Nc6 21. Nxe6 fxe6 0-1